<?xml version="1.0" encoding="UTF-8"?>
<collection xmlns:xsi="http://www.w3.org/2001/XMLSchema-instance" xsi:schemaLocation="http://www.loc.gov/MARC21/slim http://www.loc.gov/standards/marcxml/schema/MARC21slim.xsd" xmlns="http://www.loc.gov/MARC21/slim">
 <record>
  <leader>00000ctm a22000004a 4500</leader>
  <controlfield tag="001">UP-99796217605124923</controlfield>
  <controlfield tag="003">Buklod</controlfield>
  <controlfield tag="005">20230503092542.0</controlfield>
  <controlfield tag="006">a     r    |||| u|</controlfield>
  <controlfield tag="007">ta</controlfield>
  <controlfield tag="008">080210s1998    xx      r    |||| u|eng d</controlfield>
  <datafield tag="035" ind1=" " ind2=" ">
   <subfield code="a">(iLib)UPD-00000309375</subfield>
  </datafield>
  <datafield tag="040" ind1=" " ind2=" ">
   <subfield code="a">DCHE</subfield>
  </datafield>
  <datafield tag="041" ind1=" " ind2=" ">
   <subfield code="a">eng</subfield>
  </datafield>
  <datafield tag="090" ind1=" " ind2=" ">
   <subfield code="a">LG 993.5 1998 F66</subfield>
   <subfield code="b">C85</subfield>
  </datafield>
  <datafield tag="100" ind1="1" ind2=" ">
   <subfield code="a">Cunanan, Cherry Lou Pachoco</subfield>
  </datafield>
  <datafield tag="245" ind1="1" ind2="0">
   <subfield code="a">The use of aspartame as sweetener and sorbitol as bulking agent for dehydrated pineapple</subfield>
   <subfield code="c">by Cherry Lou Pachoco Cunanan ; Benelyn G. Domingo-Dumelod, adviser.</subfield>
  </datafield>
  <datafield tag="264" ind1=" " ind2="1">
   <subfield code="c">1998.</subfield>
  </datafield>
  <datafield tag="300" ind1=" " ind2=" ">
   <subfield code="a">105 leaves</subfield>
   <subfield code="b">ill.</subfield>
  </datafield>
  <datafield tag="500" ind1=" " ind2=" ">
   <subfield code="a">Thesis (BSFT)--University of the Philippines Diliman</subfield>
  </datafield>
  <datafield tag="520" ind1=" " ind2=" ">
   <subfield code="a">ABSTRACT The country's surplus in raw materials and diet enthusiasts' search for low-calorie foods led to this study on the use of aspartame as alternative sweetener and sorbitol as bulking agent in the production of dehydrated pineapple. Aspartame was used as a sugar substitute, providing sweetness but not bulk due to minimal usage. Sorbitol, a bulking agent, provided water binding property that aspartame lacks. The best levels of sorbitol and aspartame were determined to be 14% and 12% respectively, based on overall acceptability scores of dehydrated pineapple samples. The sorbitol- and aspartame-treated dehydrated pineapple was produced thrice at bench scale and was found to be reproducible. Production scale was increased from bench to pilot scale and the properties of the products from the two levels were not significantly different. The caloric content of the sorbitol- and aspartame-treated product is 55.41 kcal per 100 g whereas that of the sugar-treated one is 183.00 kcal per 100 g. Microbial analysis of the sorbitol- and aspartame-treated dehydrated pineapple samples showed mold growth possibly due to the pre and post treatments that the pineapples had undergone and to the substantial numbers of microorganisms present in the atmosphere. Cost analysis of the samples showed that the selling price for the sorbitol- and aspartame-treated product is P14.86 per 100 grams while the sugar-treated dehydrated pineapple costs P13.62 per 100 g.</subfield>
  </datafield>
  <datafield tag="650" ind1=" " ind2="4">
   <subfield code="a">Aspartame.</subfield>
  </datafield>
  <datafield tag="650" ind1=" " ind2="4">
   <subfield code="a">Dried fruit.</subfield>
  </datafield>
  <datafield tag="650" ind1=" " ind2="4">
   <subfield code="a">Pineapple.</subfield>
  </datafield>
  <datafield tag="650" ind1=" " ind2="4">
   <subfield code="a">Preservatives.</subfield>
  </datafield>
  <datafield tag="700" ind1="1" ind2=" ">
   <subfield code="a">Dumelod, Benelyn Domingo.</subfield>
  </datafield>
  <datafield tag="842" ind1=" " ind2=" ">
   <subfield code="a">Thesis</subfield>
  </datafield>
  <datafield tag="905" ind1=" " ind2=" ">
   <subfield code="a">UPIANA</subfield>
  </datafield>
  <datafield tag="950" ind1=" " ind2=" ">
   <subfield code="a">Thesis</subfield>
  </datafield>
  <datafield tag="852" ind1="0" ind2=" ">
   <subfield code="a">UPD</subfield>
   <subfield code="b">DCHE</subfield>
   <subfield code="h">LG 993.5 1998 F66 C85</subfield>
  </datafield>
  <datafield tag="942" ind1=" " ind2=" ">
   <subfield code="a">Thesis</subfield>
  </datafield>
 </record>
</collection>
